National Assembly Library of Thailand

ในลวงใจ [2nd] (ระเบียนเลขที่ 77610)

รายละเอียดในรูปแบบ MARC
000 -LEADER
fixed length control field 00671nam a22002057a 4500
005 - DATE AND TIME OF LATEST TRANSACTION
control field 20210421095537.0
008 - FIXED-LENGTH DATA ELEMENTS--GENERAL INFORMATION
fixed length control field s2559 th j tha d
020 ## - INTERNATIONAL STANDARD BOOK NUMBER
International Standard Book Number 9786167939032
040 ## - CATALOGING SOURCE
Original cataloging agency NALT
041 ## - LANGUAGE CODE
Language code of text/sound track or separate title tha
090 ## - LOCALLY ASSIGNED LC-TYPE CALL NUMBER (OCLC); LOCAL CALL NUMBER (RLIN)
Classification number (OCLC) (R) ; Classification number, CALL (RLIN) (NR) SC
Local cutter number (OCLC) ; Book number/undivided call number, CALL (RLIN) ว459น 2559
100 0# - MAIN ENTRY--PERSONAL NAME
Personal name วาด รวี
9 (RLIN) 10327
245 10 - TITLE STATEMENT
Title ในลวงใจ [2nd]
260 3# - PUBLICATION, DISTRIBUTION, ETC.
Place of publication, distribution, etc. กรุงเทพฯ :
Name of publisher, distributor, etc. ไซน์พับลิชชิ่งเฮ้าส์,
Date of publication, distribution, etc. 2559
300 ## - PHYSICAL DESCRIPTION
Extent 359 หน้า ;
Other physical details 18 ซม.
650 04 - SUBJECT ADDED ENTRY--TOPICAL TERM
Topical term or geographic name entry element ความเรียง
9 (RLIN) 10328
850 ## - HOLDING INSTITUTION
Holding institution NALT
942 ## - ADDED ENTRY ELEMENTS (KOHA)
Koha item type Short Story
Source of classification or shelving scheme Local Classification
998 ## - LOCAL CONTROL INFORMATION (RLIN)
-- 104
-- สายฝน ดีงาม
รายการที่มีในห้องสมุด
Withdrawn status Lost status Source of classification or shelving scheme Damaged status Not for loan Collection code Home library Current library Shelving location Date acquired Source of acquisition Cost, normal purchase price Full call number Barcode Date last seen Copy number Cost, replacement price Price effective from Koha item type Total Checkouts
Withdrawn for donation   Local Classification   Withdrawing Fictions & Short Stories collection National Assembly Library of Thailand National Assembly Library of Thailand Donation box 12/10/2021 จัดซื้อทรัพยากร 290.00 SC ว459น 2559 3961204772 09/06/2017 ฉ.1 340.00 09/06/2017 Short Story  
    Local Classification     Fictions & Short Stories collection National Assembly Library of Thailand National Assembly Library of Thailand   19/07/2017     SC ว459น 2559 3961206278 19/07/2017 ฉ.2   19/07/2017 Short Story  
หอสมุดรัฐสภา
สำนักงานเลขาธิการสภาผู้แทนราษฎร เลขที่ 1111 ถนนสามเสน แขวงถนนนครไชยศรี เขตดุสิต กรุงเทพฯ 10300
The Secretariat of the House of Representatives 1111 Samsen Road, Thanon Nakhon Chai Si, Dusit, Bangkok 10300, THAILAND
โทรศัพท์: +66(0) 2242 5900 ต่อ 5714-5 โทรสาร: +66(0) 2242 5990 อีเมล: [email protected]